01675nam a2200337 a 450000100060000000300080000600500170001400800410003102000150007202000220008702000220010903500190013104000270015004100080017708200250018510000250021024500990023526000970033430000250043150400660045650501290052265000750065165000750072665000330080165000700083465100660090494200120097099900170098295201700099995201680116964448BD-RjUL20211209081318.0170215s2004 enk b 001 0 eng d a0340614080 a0340614072 (pbk.) a0340614080 (hbk.) a(BD-RjUL)64578 aTEFcTEFdBD-RjULbeng aeng00a973.91223bHET 20041 aHeale, M. J.919119710aTwentieth-century America :bpolitics and power in the United States, 1900-2000 /cM.J. Heale. aLondon :bArnold ;aNew York :bDistributed in the U.S.A. by Oxford University Press,c2004. axi, 340 p. ;c24 cm. aIncludes bibliographical references (p. [308]-324) and index.0 aThe progressive political order, 1900-33 -- The New Deal political order, 1933-69 -- The divided political order, 1969-2000. 0aPower (Social sciences)zUnited StatesxHistoryy20th century.9191198 0aProgressivism (United States politics)xHistoryy20th century.9191199 0aNew Deal, 1933-1939.9191200 0aDivided governmentzUnited StatesxHistoryy20th century.9191201 0aUnited StatesxPolitics and governmenty20th century.9172683 2ddccBK c64448d64448 00102ddc40718NFICaRUCLbRUCLcReadingd2008-06-24eDhaka, Ahsania mission book dis. home.g4204.70l0o973.91 HET 2004r2017-02-15 00:00:00tC-1w2017-02-15yBK 00102ddc40708NFICaRUCLbRUCLcStackd2009-06-24eDhaka, Ahsania mission book dis. home.g4204.70l0o973.91 HET 2004r2017-02-19 00:00:00tC-2w2017-02-19yBK